[Event "GEO-chT Club"]
[Site "Tbilisi"]
[Date "2017.12.03"]
[Round "5.2"]
[White "Bechvaia, Gabriel"]
[Black "Lortkipanidze, Nodar"]
[Result "0-1"]
[WhiteElo "1806"]
[BlackElo "2225"]
[PlyCount "108"]
[EventDate "2017.11.29"]
[EventType "team-tourn"]
[EventRounds "7"]
[EventCountry "GEO"]
[SourceTitle "CBM 181 Extra"]
[Source "ChessBase"]
[SourceDate "2017.12.12"]
[SourceVersion "1"]
[SourceVersionDate "2017.12.12"]
[SourceQuality "1"]
[WhiteTeam "Samegrelo"]
[BlackTeam "Tbilisi Moazrovne Taoba"]
[WhiteTeamCountry "GEO"]
[BlackTeamCountry "GEO"]

1. d4 e6 2. c4 b6 3. g3 Bb7 4. Nf3 f5 5. Bg2 Bb4+ 6. Bd2 Bxd2+ 7. Qxd2 Nf6 8. Nc3 Ne4 9. Qc2 Nxc3 10. Qxc3 0-0 11. 0-0 Be4 12. Ne5 Bxg2 13. Kxg2 d6 14. Nd3 Qf6 15. Rac1 Nd7 16. c5 bxc5 17. dxc5 d5 18. Qxf6 gxf6 19. c6 Ne5 20. Nc5 Kf7 21. Na6 Rac8 22. b3 Ke7 23. h3 h5 24. f4 Nf7 25. Rf3 Nd6 26. Nc5 Ne4 27. Nxe4 fxe4 28. Rfc3 f5 29. Kf2 Rg8 30. Rg1 Rg7 31. h4 Rb8 32. e3 Kd6 33. Rd1 Rb6 34. Rdc1 Rg8 35. Rc5 Ra6 36. a4 Rb8 37. R1c3 Rbb6 38. a5 Rxc6 39. b4 Kd7 40. Ke2 Rxc5 41. Rxc5 Rc6 42. Rb5 Kc8 43. a6 Rxa6 44. Kd2 Rc6 45. Ra5 Kb7 46. b5 Rc5 47. Ra6 Rxb5 48. Rxe6 a5 49. g4 a4 50. gxf5 a3 51. f6 a2 52. f7 a1Q 53. f8Q Qa2+ 54. Kc3 Qb2# 0-1

[Event "GEO-chT Club"]
[Site "Tbilisi"]
[Date "2017.12.01"]
[Round "3.3"]
[White "Bechvaia, Gabriel"]
[Black "Azaladze, Shota"]
[Result "0-1"]
[WhiteElo "1806"]
[BlackElo "2464"]
[PlyCount "53"]
[EventDate "2017.11.29"]
[EventType "team-tourn"]
[EventRounds "7"]
[EventCountry "GEO"]
[SourceTitle "CBM 181 Extra"]
[Source "ChessBase"]
[SourceDate "2017.12.12"]
[SourceVersion "1"]
[SourceVersionDate "2017.12.12"]
[SourceQuality "1"]
[WhiteTeam "Samegrelo"]
[BlackTeam "Tbilisi"]
[WhiteTeamCountry "GEO"]
[BlackTeamCountry "GEO"]

1. d4 Nf6 2. c4 c5 3. d5 g6 4. Nc3 Bg7 5. e4 0-0 6. Bd3 e6 7. e5 Ne8 8. Nf3 d6 9. Bg5 Qd7 10. Ne4 exd5 11. cxd5 dxe5 12. Nxc5 Qxd5 13. Be7 Nc6 14. Bxf8 Bxf8 15. Ne4 Bb4+ 16. Kf1 f5 17. Qc2 Kg7 18. Nc3 Qc5 19. Na4 Qe7 20. Bb5 Bd7 21. a3 Bd6 22. Rc1 Rc8 23. Qd2 e4 24. Bxc6 Rxc6 25. Rxc6 Bxc6 26. Qd4+ Qf6 27. Qd1 0-1